Bugs of the world (Registro nro. 1584)

Detalles MARC
000 -CABECERA
Campo de control 00543nam a2200205 a 4500
005 - FECHA Y HORA DE LA ULTIMA TRANSACCION
Campo de control 20140228173048.0
008 - ELEMENTOS DE LONGITUD FIJA—INFORMACION GENERAL
Campo de control 140228b1993 nyu||||| |||| 00| 0 eng d
041 ## - IDIOMA
Código de idioma para texto/pista de sonido o título separado Inglés
090 ## - CLASIFICACIÓN LOCAL
Colección LB
Consecutivo 01577
100 ## - ASIENTO PRINCIPAL--NOMBRE PERSONAL
Nombre personal McGavin, George C.
245 ## - MENCION DE TITULO
Título Bugs of the world
260 ## - PUBLICACION, DISTRIBUCION, ETC. (PIE DE IMPRENTA)
Lugar de publicación, distribución, etc. Nueva York
Nombre del editor, distribuidor, etc. Facts On File
Fecha de publicación, distribución, etc. 1993
300 ## - DESCRIPCION FISICA
Extensión 192 p.
650 ## - ASIENTO SECUNDARIO DE MATERIA - TERMINO TEMATICO
Término temático o nombre geográfico como elemento de entrada Chinches
650 ## - ASIENTO SECUNDARIO DE MATERIA - TERMINO TEMATICO
Término temático o nombre geográfico como elemento de entrada Enfermedades
650 ## - ASIENTO SECUNDARIO DE MATERIA - TERMINO TEMATICO
Término temático o nombre geográfico como elemento de entrada Enemigos naturales
650 ## - ASIENTO SECUNDARIO DE MATERIA - TERMINO TEMATICO
Término temático o nombre geográfico como elemento de entrada Sistemática
650 ## - ASIENTO SECUNDARIO DE MATERIA - TERMINO TEMATICO
Término temático o nombre geográfico como elemento de entrada Hábitos alimentarios
942 ## - ELEMENTOS ADICIONALES (KOHA)
Tipo de ítem Impreso
Sistema de clasificación Local
Existencias
Withdrawn status Lost status Sistema de Clasificación Damaged status No para préstamo Colección Inventariado Ubicación Permanente Ubicación actual Fecha de adquisición Fuente de Valor Valor Total Checkouts Número topográfico Inventario / Código de Barras Date last seen Ejemplar Price effective from Forma de adquisición Tipo de material
    Local     Entomología Inventariado 2017 Villa de Leyva Villa de Leyva 12/04/2000 Instituto 39000.00   LB-01577 002175 23/10/2017 Ej. 1 04/12/2012   Libro